Top 100 Biggest Cities in Countries that Start with N - Statistics

General Stats
  • This quiz has been taken 251 times
  • The average score is 30 of 100
Answers on the Map
Answers color-coded by a green-red scale on the quiz's map according to % correct below.
 
Answer Stats
Country City Population % Correct
Netherlands Amsterdam 1,114,745
96%
Nigeria Lagos 8,048,430
96%
Norway Oslo 693,494
96%
Netherlands Rotterdam 829,875
95%
New Zealand Wellington 215,100
93%
New Zealand Auckland 1,470,100
92%
Nepal Kathmandu 1,003,285
92%
North Macedonia Skopje 509,900
92%
Netherlands The Hague 803,835
91%
Nigeria Abuja 776,298
90%
Norway Bergen 283,929
88%
Nicaragua Managua 1,041,145
87%
New Zealand Christchurch 383,200
86%
Nigeria Kano 2,828,861
85%
Niger Niamey 978,029
85%
Netherlands Utrecht 382,520
77%
Namibia Windhoek 325,858
76%
Netherlands Eindhoven 298,795
74%
Nigeria Ibadan 2,559,853
73%
Norway Trondheim 205,163
72%
Nigeria Benin City 1,147,188
70%
Nigeria Port Harcourt 1,005,904
70%
Netherlands Groningen 213,705
62%
Netherlands Haarlem 204,570
52%
Nigeria Aba 534,265
40%
Netherlands Breda 154,880
40%
Nigeria Kaduna 760,084
40%
Netherlands Nijmegen 161,000
40%
New Zealand Hamilton 176,500
39%
Nigeria Maiduguri 543,016
36%
Nigeria Onitsha 261,604
36%
Netherlands Tilburg 213,055
35%
Nigeria Jos 821,618
34%
Netherlands Almere 177,045
32%
Nigeria Ilorin 777,667
30%
Netherlands Leiden 270,225
30%
Netherlands s-Hertogenbosch 162,165
30%
Netherlands Amersfoort 153,420
29%
Nigeria Enugu 722,664
29%
Nigeria Oyo 428,798
25%
Nepal Pokhara 264,991
25%
Nigeria Warri 557,398
25%
Nigeria Zaria 695,089
24%
Netherlands Dordrecht 221,235
23%
Nicaragua León 172,148
21%
Nigeria Sokoto 427,760
21%
Niger Zinder 235,605
19%
Netherlands Heerlen 169,560
18%
Nigeria Uyo 427,873
18%
Nigeria Owo 218,886
16%
Nigeria Abeokuta 451,607
14%
Niger Maradi 267,249
13%
Nigeria Ife 509,035
12%
Nigeria Katsina 318,459
12%
Nigeria Owerri 401,873
12%
Nigeria Akure 484,798
11%
Nigeria Calabar 371,022
11%
Nigeria Gombe 230,900
11%
Nigeria Ogbomosho 299,535
11%
Nigeria Bauchi 493,810
10%
Nepal Biratnagar 204,949
9%
Nigeria Ikorodu 535,619
9%
Nepal Lalitpur 226,728
9%
Nigeria Osogbo 156,694
9%
Nigeria Iwo 191,377
8%
Nigeria Minna 348,788
8%
Nigeria Jimeta 218,400
7%
Nigeria Makurdi 249,000
7%
Nigeria Ondo 358,430
7%
Nigeria Ado Ekiti 308,621
6%
Nigeria Ikeja 313,196
6%
Nigeria Lafia 330,712
6%
Nigeria Gusau 201,200
5%
Nigeria Ijebu Ode 186,700
5%
Nigeria Nsukka 309,633
5%
Nigeria Bida 188,181
4%
Nigeria Gboko 166,400
4%
Nigeria Ise 167,100
4%
Nigeria Mubi 280,009
4%
Nigeria Yola 392,854
4%
Nigeria Abakaliki 151,723
3%
Nigeria Awka 301,657
3%
Nigeria Ikare 160,600
3%
Nigeria Iseyin 286,700
3%
Nigeria Mokwa 244,937
3%
Nigeria Okene 320,260
3%
Nigeria Potiskum 205,876
3%
Nigeria Sagamu 253,412
3%
Nigeria Umuahia 359,230
3%
Nigeria Epe 181,409
2%
Nigeria Ilesa 233,900
2%
Nigeria Kukawa 203,864
2%
Nigeria Ugep 187,000
2%
Nigeria Badagry 241,093
1%
Nigeria Garki 152,223
1%
Nigeria Owode 228,851
1%
Nigeria Suleja 216,578
1%
Nigeria Ilawe Ekiti 160,700
0%
Nigeria Lavun 209,917
0%
Nigeria Okpoko 152,900
0%
No matching quizzes found
Score Distribution
Percent of People with Each Score
Percentile by Number Answered
Your Score History
You have not taken this quiz